000 00851nam a2200229Ia 4500
001 Z_6078
008 220601s9999 xx 000 0 und d
020 _a970-9000-12-8
082 _a591.972 D57
245 _aDiplomado en manejo de vida silvestre. Conservación y manejo de vertebrados del norte árido y semiárido de México / editado por Óscar Sánchez y Ella Vázquez-Domínguez
260 _aMéxico : CONABIO: INE-SEMARNAP
300 _a247 p.
503 _aej.1:
504 _aIncluye bibliografía
650 _a1. Conservación de la vida silvestre - México 2. Animales de regiones áridas
_9183163
700 _aI. Sánchez, Óscar, ed. II. Vázquez Domínguez, Ella,Ì
_9183164
901 _a591.972 D57
902 _aM
905 _a0000001999 mx n 0000000000spa00
942 _c1
999 _c217054
_d217054